[Event "ESP-ch U18"]
[Site "Salobrena"]
[Date "2023.08.02"]
[Round "4"]
[White "Castellano Lopez, Javier"]
[Black "Felipo Martinez, Marcos"]
[Result "1/2-1/2"]
[WhiteElo "2073"]
[BlackElo "1929"]
[PlyCount "42"]
[EventDate "2023.07.31"]
[EventType "swiss"]
[EventRounds "9"]
[EventCountry "ESP"]
[SourceTitle "CBM 215 Extra"]
[Source "ChessBase"]
[SourceDate "2023.09.30"]
[SourceVersion "1"]
[SourceVersionDate "2023.09.30"]
[SourceQuality "1"]

1. d4 Nf6 2. c4 e6 3. g3 d5 4. Bg2 Be7 5. Nf3 0-0 6. 0-0 b6 7. cxd5 exd5 8. Nc3 Bb7 9. Bf4 Nbd7 10. Rc1 Rc8 11. Qa4 a6 12. Ne5 Nxe5 13. dxe5 Ne8 14. Rfd1 c6 15. Qb3 b5 16. Be3 Qa5 17. a3 Nc7 18. Bd2 Qb6 19. Be3 Qa5 20. Bd2 Qb6 21. Be3 Qa5 1/2-1/2

[Event "Montserrat op 14th"]
[Site "Montserrat"]
[Date "2021.09.03"]
[Round "6"]
[White "Castellano Lopez, Javier"]
[Black "Gonzalvez Perales, Jose Luis"]
[Result "1-0"]
[WhiteElo "1706"]
[BlackElo "1964"]
[PlyCount "141"]
[EventDate "2021.08.27"]
[EventType "swiss"]
[EventRounds "9"]
[EventCountry "ESP"]
[SourceTitle "EXT 2022"]
[Source "ChessBase"]
[SourceDate "2021.10.06"]
[SourceVersion "1"]
[SourceVersionDate "2021.10.06"]
[SourceQuality "1"]

1. d4 Nf6 2. c4 c5 3. d5 b5 4. Nf3 d6 5. Qc2 bxc4 6. e4 g6 7. Bxc4 Bg7 8. h3 0-0 9. 0-0 Nbd7 10. Re1 Nb6 11. Bf1 Qc7 12. Nc3 Nfd7 13. Bf4 Qb7 14. Rad1 Rd8 15. g4 Ne5 16. Nxe5 Bxe5 17. Bxe5 dxe5 18. Nb5 a6 19. Na3 e6 20. Qxc5 exd5 21. exd5 Rxd5 22. Rxd5 Nxd5 23. Bg2 Be6 24. Rxe5 Qxb2 25. Rxd5 Bxd5 26. Bxd5 Qa1+ 27. Kg2 Rf8 28. Nc2 Qc1 29. Qc4 Qg5 30. Ne3 Qf6 31. Qc6 Qxc6 32. Bxc6 Rb8 33. Nd5 Kg7 34. g5 h6 35. h4 hxg5 36. hxg5 Rc8 37. Ba4 a5 38. Bb3 Rc5 39. a4 Kf8 40. Kf3 Ke8 41. Ke4 Kd7 42. f4 Kd6 43. Ne3 Ke7 44. Kd4 Rc8 45. Bc4 Rb8 46. Bb5 Rd8+ 47. Ke5 Rd2 48. Nc4 Re2+ 49. Kd5 f6 50. Nxa5 Rd2+ 51. Ke4 fxg5 52. fxg5 Rg2 53. Kf4 Rf2+ 54. Kg3 Rf5 55. Kg4 Kd6 56. Nc4+ Kc5 57. Ne3 Re5 58. Kf4 Re7 59. Ng4 Rf7+ 60. Nf6 Kb4 61. Ke5 Re7+ 62. Kd6 Re1 63. Nd5+ Ka5 64. Nf4 Rg1 65. Ne6 Rg2 66. Ke5 Rf2 67. Nf4 Rf3 68. Nxg6 Rg3 69. Kf5 Rc3 70. Ne5 Kb6 71. g6 1-0